<Das> Einkommensteuer- und Transfersystem der Bundesrepublik Deutschland

Saved in:
Bibliographic Details
Main Author: Gern, Klaus-Jürgen
Format: Book
Language:German
Published: Kiel Institut für Weltwirtschaft 1995
Edition:1. Aufl.
Series:Kieler Arbeitspapier Nr. 718
Subjects:
Tags: Add Tag
No Tags, Be the first to tag this record!

MARC

LEADER 00000nam a2200000 4500
001 c014220
005 20221214070909.3
041 0 |a ger 
044 |a DE 
245 1 0 |a <Das> Einkommensteuer- und Transfersystem der Bundesrepublik Deutschland  |c Klaus-Jürgen Gern 
250 |a 1. Aufl. 
264 1 |a Kiel  |b Institut für Weltwirtschaft  |c 1995 
300 |a 76 s. 
490 1 |a Kieler Arbeitspapier  |v Nr. 718 
830 0 |a Kieler Arbeitspapier  |v Nr. 718 
610 2 0 |a dane 
610 2 0 |a dane z príjmov 
610 2 0 |a odvody 
610 2 0 |a procesy sociálne 
610 2 0 |a bývanie 
610 2 0 |a peniaze 
610 2 0 |a systémy sociálne 
610 2 0 |a modely 
610 2 0 |a transformácia 
610 2 0 |a Nemecko 
100 1 |a Gern, Klaus-Jürgen